• 首页
  • 本馆介绍
  • 公告通知
  • 最新文献
  • 馆藏检索
  • 电子资源
  • 读者导购
  • 参考咨询
  • 我的图书馆
  • 登录
  • 详细信息显示
  • 放入我的书架
  • 预约/预借图书
  • 作者相关作品
  • 分类相关作品
  • 丛书相关作品
  • 出版社相关作品

书目信息

  • 表格格式
  • 工作单格式
  • 卡片格式
题名:
区域协调发展的治理之道
    
 
作者: 喻锋 著
分册:  
出版信息: 北京   人民出版社  2013
页数: 245页
开本: 24cm
丛书名:
单 册:
中图分类: F114.46
科图分类:
主题词: 区域经济发展
电子资源:
ISBN: 978-7-01-012863-4
000 01180nam0 2200277 450
001 523
005 20140908151410.60
010    @a978-7-01-012863-4@dCNY38.00
100    @a20140130d2013 em y0chiy50 ea
101 0  @achi
102    @aCN@b110000
105    @ay z 000yy
106    @ar
200 1  @a区域协调发展的治理之道@AQu Yu Xie Diao Fa Zhan De Zhi Li Zhi Dao@e变革中的欧盟经验与实践@EBian Ge Zhong De Ou Meng Jing Yan Yu Shi Jian@f喻锋著@FYu Feng Zhu
210    @a北京@c人民出版社@d2013
215    @a245页@d24cm
330    @a广东省哲学社会科学“十二五”规划青年项目 广东省教育厅高校优秀青年创新人才培养计划(育苗工程)项目 中央高校基本科研业务费专项资金资助
330    @a本书分六章,主要包括区域主义、区域治理与欧盟的实践;欧盟区域协调发展的政策议程、目标与社会基础;欧盟区域协调发展的治理结构演进;欧盟区域协调发展的治理机制变迁等内容。
517 1  @a变革中的欧盟经验与实践@ABian Ge Zhong De Ou Meng Jing Yan Yu Shi Jian
601 02 @a欧洲国家联盟@x区域经济发展@x研究
601 02 @a欧洲国家联盟
606 0  @a区域经济发展
690    @aF114.46@v5
701  0 @a喻锋@AYu Feng@c(讲师)@4著
801  0 @aCN@bTANGWEI@c20140603
905    @b0840881-83@dF114.46@e167@f3
    
    区域协调发展的治理之道:变革中的欧盟经验与实践/喻锋著.-北京:人民出版社,2013
    245页;24cm
    
    
    ISBN 978-7-01-012863-4:CNY38.00
    广东省哲学社会科学“十二五”规划青年项目 广东省教育厅高校优秀青年创新人才培养计划(育苗工程)项目 中央高校基本科研业务费专项资金资助.-本书分六章,主要包括区域主义、区域治理与欧盟的实践;欧盟区域协调发展的政策议程、目标与社会基础;欧盟区域协调发展的治理结构演进;欧盟区域协调发展的治理机制变迁等内容。
●
相关链接 在E读中查询图书 在五车中查询图书 在当当中查询图书 在豆瓣中查询图书


正题名:区域协调发展的治理之道     索取号:F114.46/167         预约/预借

序号 登录号 条形码 馆藏地/架位号 状态 备注
1 0840881   208408819   第一样本阅览室/ [索取号:F114.46/167] 在馆    
2 0840882   208408828   第一借阅区/ [索取号:F114.46/167] 在馆    
3 0840883   208408837   密集书库-海洋学院/ [索取号:F114.46/167] 在馆    
唐山师范学院图书馆 欢迎您!
大连网信软件有限公司© 版权所有